000 01184nam a2200337 i 4500
001 19209
003 ES-MaACL
005 20240222151021.0
007 t|
008 020612s2001 sp ||||1| spa d
020 _a84-8432-276-9
080 _a929 Stalin, Iosif Vissarionovich
080 _a329(47+57)
080 _a94(47+57)"1925/53"
100 1 _aGetty, J. Arch.
_956537
245 1 3 _aLa lógica del terror
_b: Stalin y la autodestrucción de los bolcheviques, 1932-1939 /
_cJ. Arch Getty, Oleg V. Naumov ; traducción castellana de Santiago Jordán.
260 _aBarcelona :
_bCrítica,
_c[2001]
300 _a536 p. ;
_c24 cm.
490 1 _aMemoria crítica
504 _aBibliografía: p. [479]-499.
600 1 4 _aStalin, Iosif Vissarionovich,
_d1879-1953
_9107862
610 1 7 _aKommunisticheskaia partiia Sovetskogo Soiuza.
_95439
651 4 _aURSS-
_xHistoria-
_y1925-1953.
_99472
700 1 _aNaumov, Oleg V.
_985013
700 1 _aJordán Sempere, Santiago.
_966926
830 0 _aMemoria crítica
_9122959
852 _aES-MaACL
_jL-25643
_bR.130829
852 _aES-MaACL
_jL-25959
_bR.131290
942 _2udc
999 _c19209
_d19209